FC Barcelona Squad List 24-25 - Statistics

General Stats
  • This quiz has been taken 59 times
  • The average score is 15 of 24
Answer Stats
Hint Answer % Correct
Goalkeeper Ter-Stegen
96%
Coach Hansi Flick
94%
Midfielder Pedri
84%
Attacker Lamine Yamal
82%
Attacker Robert Lewandowski
80%
Midfielder Gavi
78%
Defense Jules Koundé
76%
Attacker Raphinha
76%
Defense Ronald Araujo
76%
Goalkeeper Iñaki Peña
73%
Defense Íñigo Martínez
69%
Defense Alejandro Balde
67%
Midfielder Frenkie De Jong
67%
Goalkeeper Szczęsny
65%
Attacker Ferrán Torres
59%
Defense Eric García
57%
Midfielder Dani Olmo
55%
Midfielder Fermín
55%
Attacker Pau Victor
45%
Midfielder Marc Casadó
43%
Attacker Ansu Fati
41%
Midfielder Pablo Torre
41%
Defense Andreas Christensen
31%
Defense Pau Curbasí
8%
No matching quizzes found
Score Distribution
Percent of People with Each Score
Percentile by Number Answered
Your Score History
You have not taken this quiz